000 00682nam a22002177a 4500
005 20130711113310.0
010 _aENG-107942
020 _c1995.00
_a9788180388590
035 _aEN-91475
037 _bDBAD/PUB
100 _aRanchhoddas, Ratanlal
245 0 0 _aThe law of torts /
_cby Ratanlal Ranchhoddas [and] Dhirajlal Keshavlal Thakore
250 _a26th ed
260 _aGurgaon
_bLexis Nexis
_c2013
270 _a14th Floor, Bldg. No.10, Tower-B, DLF Cyber City, Phase-II
_bGurgaon
_e122002
300 _aclxxxviii,899p.
_c26cm(Hb)
500 _aIncludes subject index
700 _aThakore, Dhirajlal Keshavlal
700 _aGuru Prasanna Singh
942 _2ddc
_cEN
_mRAN
999 _c77381
_d77381